书目信息 |
| 题名: |
SF6与其混合气体中电弧动态特性和应用
|
|
| 作者: | 王其平 , 胡万平 , 刘亚芳 著 | |
| 分册: | ||
| 出版信息: | 西安 西安交通大学出版社 1997.03 |
|
| 页数: | 240页 | |
| 开本: | 20cm | |
| 丛书名: | ||
| 单 册: | ||
| 中图分类: | TM501 | |
| 科图分类: | ||
| 主题词: | 电器 | |
| 电子资源: | ||
| ISBN: | 7-5605-0891-X | |
| 000 | 00712nam0 2200217 45 | |
| 001 | 0459086773 | |
| 005 | 2004042816244225 | |
| 010 | @a7-5605-0891-X@dCNY 14.00 | |
| 100 | @a20040428d1997 km y0chiy0120 ea | |
| 101 | 0 | @achi |
| 102 | @aCN@b610000 | |
| 200 | 1 | @aSF6与其混合气体中电弧动态特性和应用@ASF6 Yu Qi Hun He Qi Ti Zhong Dian Hu Dong Tai Te Xing He Ying Yong@f王其平,胡万平,刘亚芳著@Fwang qi ping,hu wan ping,liu ya fang zhu |
| 210 | @a西安@c西安交通大学出版社@d1997.03 | |
| 215 | @a240页@d20cm | |
| 606 | 0 | @a电器 |
| 690 | 1 | @aTM501@v4 |
| 701 | 0 | @a王其平@Awang qi ping@4著 |
| 701 | 0 | @a胡万平@Ahu wan ping@4著 |
| 701 | 0 | @a刘亚芳@Aliu ya fang@4著 |
| 801 | 0 | @aCN@bPFT@c20040428 |
| 905 | @dTM501@eW310 | |
| SF6与其混合气体中电弧动态特性和应用/王其平,胡万平,刘亚芳著.-西安:西安交通大学出版社,1997.03 |
| 240页;20cm |
| ISBN 7-5605-0891-X:CNY 14.00 |
| ● |
| 相关链接 |
|
|
|
正题名:SF6与其混合气体中电弧动态特性和应用
索取号:TM501/W310
 
预约/预借
| 序号 | 登录号 | 条形码 | 馆藏地/架位号 | 状态 | 备注 |
| 1 | 382625 | 203826253 | 期刊室512/301自科库 9排2列3层/ [索取号:TM501/W310] | 在馆 | |
| 2 | 382626 | 203826262 | 期刊室512/301自科库 9排2列4层/ [索取号:TM501/W310] | 在馆 | |
| 3 | 382627 | 203826271 | 自科库301/301自科库 9排2列3层/ [索取号:TM501/W310] | 在馆 |